000 00636nam a2200229Ia 4500
003 OSt
005 20220928103751.0
006 a|||||r|||| 00| 0
007 ta
008 220927b |||||||| |||| 00| 0 eng d
024 _a35137
037 _cTextual
040 _aSDCL
_cSDCL
_beng
041 _2eng
_aeng
082 _aQ3:33y7, L7
100 _aDevendra Muni Shastri
_9406936
245 0 _aRishabhdev
_bEk parisheelan.
260 _aRajasthan
_bShri Tarak Guru Jain Granthalaya
_c1977
300 _a240p.+88p.
_ccm.
942 _hQ3:33y7, L7
_cTEXL
_2CC
999 _c722462
_d722462